Countries of the Americas with Dinosaur Fossil Sites - Statistics

General Stats
  • This quiz has been taken 351 times
  • The average score is 9 of 10
Answer Stats
Country % Correct
Canada
99%
United States
99%
Mexico
98%
Argentina
94%
Brazil
94%
Chile
91%
Colombia
90%
Bolivia
79%
Uruguay
76%
El Salvador
35%
No matching quizzes found
Score Distribution
Percent of People with Each Score
Percentile by Number Answered
Your Score History
You have not taken this quiz